| 000 | 00000nam##2200000za#4500 |
| 001 | 9.570539 |
| 003 | CaOODSP |
| 005 | 20210624182304 |
| 007 | cr ||||||||||| |
| 008 | 150406|2005||||xxc|||||o f|0| 0 eng|d |
| 022 | |a1919-5087 |
| 040 | |aCaOODSP|beng |
| 043 | |an-cn--- |
| 086 | 1 |aFs70-6/2005-035E-PDF |
| 110 | 1 |aCanada. |bDepartment of Fisheries and Oceans. |bQuebec Region. |
| 245 | 10|aShrimp of the estuary and Gulf of St. Lawrence in 2004 |h[electronic resource] |
| 260 | |aDartmouth - Nova Scotia : |bFisheries and Oceans Canada. |cJune 2005. |
| 300 | |a9p.|bgraphs, illus., map, references, tables |
| 490 | 1 |aCanadian Science Advisory Secretariat science advisory report |x1919-5087|v2005/035, Quebec Region |
| 590 | |a11-11-Supp|b2011-07-13 |
| 775 | 08|tLa crevette de l'estuaire et du golfe du Saint-Laurent en 2004 |w(CaOODSP)9.601187 |
| 830 | #0|aScience advisory report (Canadian Science Advisory Secretariat)|x1919-5087|v2005/035, Quebec Region|w(CaOODSP)9.506226 |
| 856 | 40|ahttp://publications.gc.ca|qPDF|s380 KB|uhttps://publications.gc.ca/collections/collection_2011/mpo-dfo/Fs70-6-2005-035-eng.pdf|y2005/035, Quebec Region |